000 00322nam a22001337a 4500
008 171016b xxu||||| |||| 00| 0 eng d
020 _a9780132968508
041 _aeng
080 _212TH
_a331.101.262
100 _a52
101 _aBNJ
245 _aESSENTIALS OF ORGANIZATIONAL BEHAVIOR
_cROBBINS,S.P
942 _2udc
_cBK
999 _c34208
_d34208